00285 a2200133 4500001000700000020002200007040001100029100003200040240002800072245002300100300000800123362000900131440001100140182944 a978-85-01-06265-9 cMagnum aAndrade, Carlos Drummond de10aContos de aprendizlpor10aContos de aprendiz a1890 a2009 1aRecord